Complete Digital Design (Record no. 208809)

MARC details
000 -LEADER
fixed length control field 00486nam a2200157Ia 4500
008 - FIXED-LENGTH DATA ELEMENTS--GENERAL INFORMATION
fixed length control field 230714s9999 xx 000 0 und d
020 ## - INTERNATIONAL STANDARD BOOK NUMBER
International Standard Book Number 9780000000000
041 ## - LANGUAGE CODE
Language code of text/sound track or separate title eng
082 ## - DEWEY DECIMAL CLASSIFICATION NUMBER
Classification number 621.395
Item number BAL
100 ## - MAIN ENTRY--PERSONAL NAME
Personal name Balch M.
9 (RLIN) 174009
245 ## - TITLE STATEMENT
Title Complete Digital Design
Remainder of title A Comprehensive Guide To Digital Electronics And Computer System Architecture
260 ## - PUBLICATION, DISTRIBUTION, ETC. (IMPRINT)
Name of publisher, distributor, etc. Tata Mc Graw-Hill
365 ## - TRADE PRICE
Currency code Rs.
Price amount 465.00
700 ## - ADDED ENTRY--PERSONAL NAME
Personal name Balch M.
9 (RLIN) 174009
906 ## - LOCAL DATA ELEMENT F, LDF (RLIN)
d B:IN 86905-Aug-2013
c ETC
b 1711.2

No items available.